000 01508nam0a22003491 4500
001 v19\rc\1521007
005 20250618171820.0
035 _a(NLR Aleph) 004643371
090 _a3324575
_c3324575
100 _a20060620d1901 |||y0rusy50 ca
101 1 _arus
_ceng
102 _aRU
105 _ay j |||||
200 1 _aРуководство к фармакодинамике
_eЛекции о физиол. и терапевт. действиях лекарств, употребляемых в гомеопатии
_fД-р Ричард Юз
_gПер. с 4 англ. изд. А. Мальм и В. Герд под ред. П. Соловьева
205 _a2-е изд., тщательно испр. и сверенное с 6-м англ. изд. С новой доп. лекцией
210 _aСанкт-Петербург
_cС.-Петерб. о-во последователей гомеопатии
_d1901
215 _aX, 904 с.
_d22
700 1 _aЮз
_bР.
_f1836-1902
_gРичард
702 1 _aМальм
_bА.
_4730
702 1 _aГерд
_bВ.Я.
_gВасилий Яковлевич
_4730
702 1 _aСоловьев
_bП.В.
_f1843-1911
_gПавел Васильевич
_4340
801 0 _aRU
_bNLR
_gpsbo
801 0 _aRU
_bRuMoRGB
_2psbo
801 1 _aRU
_bProSoft-M
_2rusmarc
852 _aNLR
_bМф
_jК1/15892
852 _aNLR
_j20.65.2.8
852 _aNLR
_j130/418
899 _aRuMoRGB
_jE 99/451
899 _aRuMoRGB
_jE 46/495
899 _aБАН
942 _cBOOK
980 _aNB